000 00541nam a2200205Ia 4500
003 OSt
005 20250829143314.0
008 210210b2000 xxu||||| |||| 00| 0 eng d
040 _cAL
041 _aKannada
082 _aK894.1 ASHS
100 _aASHVAGHOSHA.
_dಅಶ್ವಘೋಷ
_9237688
245 _aSaundarananda.
_bಸೌಂದರನಂದ.
260 _aBallari
_bLohiya Prakashana
_c2000
300 _axxviii,280
650 _aBasavaraju
_9237689
690 _aKannada Poetry
_9237690
906 _a056969
942 _2ddc
_cBK
999 _c104467
_d104467